PC anatomy (Record no. 190603)
[ view plain ]
| 000 -LEADER | |
|---|---|
| fixed length control field | 00974 a2200169 4500 |
| 003 - CONTROL NUMBER IDENTIFIER | |
| control field | Nust |
| 005 - DATE AND TIME OF LATEST TRANSACTION | |
| control field | 20220725090413.0 |
| 040 ## - CATALOGING SOURCE | |
| Transcribing agency | Nust |
| 082 ## - DEWEY DECIMAL CLASSIFICATION NUMBER | |
| Classification number | 004.16,CHO |
| 100 ## - MAIN ENTRY--PERSONAL NAME | |
| Personal name | Chouudhry, B. S. |
| 9 (RLIN) | 94822 |
| 245 ## - TITLE STATEMENT | |
| Title | PC anatomy |
| Remainder of title | An open book on personal computer hardware,maintenance and troubleshooting / |
| Statement of responsibility, etc. | B. S. Chowdhry and A. R. Memon |
| 260 ## - PUBLICATION, DISTRIBUTION, ETC. | |
| Place of publication, distribution, etc. | Pakistan. Hyderabad |
| Name of publisher, distributor, etc. | Mehran Infotech Consultants Hyderabad Pakistan |
| Date of publication, distribution, etc. | 1999 |
| 300 ## - PHYSICAL DESCRIPTION | |
| Extent | xx,418,p |
| 505 ## - FORMATTED CONTENTS NOTE | |
| Formatted contents note | Introduction (Page-1), PC family (Page-38), System Board (Page-55), Microprocessors (Page-91), Supporting IC'S (Page-129), Floppy Disk Drives (Page-146), Hard Disk Drives (Page-168), KeyBoards (Page-1990, Power Supplies (Page-209), Monitors (Page-223), Printers (Page-247), Interfacing Techniques (PAge-273), Routine Preventive Maintenance (Page-286), Introduction About Viruses (Page-292), Networking (Page-296)The pentium (Page-306). |
| 650 ## - SUBJECT ADDED ENTRY--TOPICAL TERM | |
| Topical term or geographic name entry element | Computer hardware |
| 9 (RLIN) | 94823 |
| 942 ## - ADDED ENTRY ELEMENTS (KOHA) | |
| Source of classification or shelving scheme | |
| Koha item type | Book |
| Call number prefix | 004.16,CHO |
| Withdrawn status | Lost status | Source of classification or shelving scheme | Damaged status | Not for loan | Permanent Location | Current Location | Shelving location | Date acquired | Full call number | Barcode | Date last seen | Price effective from | Koha item type | Public note |
|---|---|---|---|---|---|---|---|---|---|---|---|---|---|---|
| Military College of Signals (MCS) | Military College of Signals (MCS) | General Stacks | 12/12/2016 | 001.16,CHO | MCS28738 | 12/08/2016 | 12/12/2016 | Book | Almirah No.1, Shelf No.6 |
